ที่ระลึกงานพระราชทานเพลิงศพ นายชุมพล ศิลปอาชา รองนายกรัฐมนตรี และรัฐมนตรีว่าการกระทรวงการท่องเที่ยวและกีฬา ณ เมรุหลวงหน้าพลับพลาอิศริยาภรณ์ วัดเทพศิรินทราวาส กรุงเทพมหานคร วันอาทิตย์ที่ 26 พฤษภาคม พุทธศักราช 2556 (ระเบียนเลขที่ 68571)
| 000 -LEADER | |
|---|---|
| fixed length control field | 01313nam a22001817a 4500 |
| 005 - DATE AND TIME OF LATEST TRANSACTION | |
| control field | 20210325211339.0 |
| 008 - FIXED-LENGTH DATA ELEMENTS--GENERAL INFORMATION | |
| fixed length control field | s2556 th ||||| |||| 00| 0 tha d |
| 090 ## - LOCALLY ASSIGNED LC-TYPE CALL NUMBER (OCLC); LOCAL CALL NUMBER (RLIN) | |
| Classification number (OCLC) (R) ; Classification number, CALL (RLIN) (NR) | อศ ช627ท 2556 |
| 245 10 - TITLE STATEMENT | |
| Title | ที่ระลึกงานพระราชทานเพลิงศพ นายชุมพล ศิลปอาชา รองนายกรัฐมนตรี และรัฐมนตรีว่าการกระทรวงการท่องเที่ยวและกีฬา ณ เมรุหลวงหน้าพลับพลาอิศริยาภรณ์ วัดเทพศิรินทราวาส กรุงเทพมหานคร วันอาทิตย์ที่ 26 พฤษภาคม พุทธศักราช 2556 |
| 260 3# - PUBLICATION, DISTRIBUTION, ETC. | |
| Place of publication, distribution, etc. | กรุงเทพฯ : |
| Name of publisher, distributor, etc. | พรรคชาติไทยพัฒนา, |
| Date of publication, distribution, etc. | 2556 |
| 300 ## - PHYSICAL DESCRIPTION | |
| Extent | 349 หน้า : |
| Other physical details | ภาพประกอบ ; |
| Dimensions | 28 ซม. |
| 650 04 - SUBJECT ADDED ENTRY--TOPICAL TERM | |
| Topical term or geographic name entry element | ชุมพล ศิลปอาชา -- ชีวประวัติ |
| 850 ## - HOLDING INSTITUTION | |
| Holding institution | NALT |
| 942 ## - ADDED ENTRY ELEMENTS (KOHA) | |
| Koha item type | Cremation Book |
| 997 ## - | |
| -- | บ 1231 ฉ.1 /บ 1232 ฉ.2 |
| 997 ## - | |
| -- | 000000000068571 |
| 998 ## - LOCAL CONTROL INFORMATION (RLIN) | |
| -- | นางสุกัญญา กัลยา |
| Withdrawn status | Lost status | Damaged status | Not for loan | Collection code | Home library | Current library | Source of acquisition | Total Checkouts | Full call number | Barcode | Date last seen | Copy number | Price effective from | Koha item type | Date acquired |
|---|---|---|---|---|---|---|---|---|---|---|---|---|---|---|---|
| Cremation collection | National Assembly Library of Thailand | National Assembly Library of Thailand | บริจาค | อศ ช627ท 2556 | 3961192441 | 09/06/2017 | ฉ. 2 | 09/06/2017 | Cremation Book | ||||||
| Cremation collection | National Assembly Library of Thailand | National Assembly Library of Thailand | บริจาค | อศ ช627ท 2556 | 3961192439 | 28/12/2022 | ฉ. 1 | 09/06/2017 | Cremation Book | 28/12/2022 |
